LEADER 01698nam a2200349 a 4500 001 000000134102 003 CaOOAMICUS 005 20130528144527.0 008 130528s1998 it u000 u ita r 020 $a88-24-50548-1 040 $aPUL$bita 041 1 $aita$heng 100 1 $aMoore, Barrington,$d1913-$0(OLS)http://pul/name/39412 240 10$aSocial origins of dictatorship and democracy.$lItaliano.$0(OLS)http://pul/title/169535 245 13$aLe origini sociali della dittatura e della democrazia :$bproprietari e contadini nella formazione del mondo moderno /$cBarrington Moore jr. ; a cura di Domenico Settembrini ; presentazione di Luciano Gallino. 260 $aTorino :$bEdizioni di Comunità,$c©1998. 300 $aXXVIII, 620 p. ;$c22 cm 490 1 $aBiblioteca di comunità ;$v02 500 $aContiene indici. 504 $aBibliografia in nota. 650 4$aDittatura.$0(OLS)http://pul/subject/25749 650 4$aDemocrazia.$0(OLS)http://pul/subject/11947 700 1 $aSettembrini, Domenico.$0(OLS)http://pul/name/7076 700 1 $aGallino, Luciano.$0(OLS)http://pul/name/4303 830 0$aBiblioteca di comunità ;$v02.$0(OLS)http://pul/title/99768 850 $aPUL 852 $aPUL$W1$xDP1 Fondo E. Rossi$y115$m1 M 86$j154178$qFondi$B153731$CPULBib$Z2$F153731 $82 941 1 $a1 961 $aSul dorso collocazione ms. di E. Rossi: M 73 2 996 $6020$a88-24-50548-1$9(OLS)http://pul/number/152856 996 $6245$aLe origini sociali della dittatura e della democrazia :$bproprietari e contadini nella formazione del mondo moderno$9(OLS)http://pul/title/169536 996 $6260$aTorino :$bEdizioni di Comunità$9(OLS)http://pul/publisher/74649 LEADER 01979nam a2200385 u 4500 001 000000014226 003 CaOOAMICUS 005 20070226105735.0 008 940517s1985 sp u000 u spa u 020 $a84-220-1185-9 035 $a10337903 040 $aPUL$bita 041 1 $aspa$alat 100 0 $aAugustinus,$cs., vesc. d'Ippona,$d354-430.$0(OLS)http://pul/name/1290 240 10$aSermones$9(Augustinus, s., vesc. d'Ippona, 354-430).$lSpagnolo e latino$kGruppi, scelte.$0(OLS)http://pul/title/20486 245 10$aSermones.$n(6) 329-396.$pSermones sobre diversos temas /$ctraducción notas e índices de Pío de Luis. 260 $aMadrid :$bBiblioteca de autores cristianos,$c1985. 300 $axiii, 919 p. ;$c20 cm 490 1 $aBiblioteca de autores cristianos ;$v461 490 1 $aObras completas de San Agustín ;$v26 505 0 $aSermones sobre diversos temas ; índices bíblico, litúrgico y temático del sermonario agustiniano. 600 00$aAugustinus,$cs., vesc. d'Ippona,$d354-430.$tSemones$9(Augustinus, s., vesc. d'Ippona, 354-430).$1Gruppi, scelte.$2//eng$0(OLS)http://pul/subject/10025 700 1 $aLuis, Pío de.$0(OLS)http://pul/name/10125 830 0$aBiblioteca de autores cristianos ;$v461.$0(OLS)http://pul/title/1365 830 0$aObras completas de San Agustín ;$v26.$0(OLS)http://pul/title/15032 850 $aPUL 852 $aPUL$W1$xSL Cons. Gen., Altre Classi 1$y1$m2000 A 26$j20003$nBK-PRI$b $qStampati$B20003$CPULBib$Z2$F20003 $H $81 900 $aAgostino,$cs., vesc. d'Ippona,$d354-430$91290 900 $aAgostino, Aurelio,$cs., vesc. d'Ippona$d354-430$91290 941 1 $a8 961 $aINV: 77578 983 0$aBAC. 996 $6020$a84-220-1185-9$9(OLS)http://pul/number/18111 996 $6245$aSermones.$n(6) 329-396.$pSermones sobre diversos temas$9(OLS)http://pul/title/20483 996 $6260$aMadrid :$bBiblioteca de autores cristianos$9(OLS)http://pul/publisher/51328